Anitta - Ensaios Da Anitta (Tracklist) - Statistics

Estatísticas Gerais
  • Esse quiz foi jogado 8 vezes
  • A pontuação média é 7 de 12
Estatísticas das Respostas
Ensaios Da Anitta % Correto
6 Capa De Revista
80%
5 Chata Pra Caralho
80%
1 Lugar Perfeito (feat. Ivete Sangalo)
80%
4 Sei Que Tu Me Odeia (feat. Mc Danny, HITMAKER)
80%
2 Imagina (feat. Rogerinho, HITMAKER)
60%
8 Maratona De Jogação (feat. HITMAKER)
60%
12 Menina Má - Ao Vivo
60%
3 Perdeu (feat. Simone Mendes)
60%
7 Sem Freio (feat. Mc Livinho)
60%
9 Eu Vou Ficar
40%
11 Fica Só Olhando - Ao Vivo
40%
10 Proposta
40%
Nenhum quiz correspondente encontrado
Distribuição das Pontuações
Porcentagem de Pessoas com Cada Pontuação
Percentil de Números Respondidos
Sua Pontuação Histórica
Você não jogou esse quiz